| 000 | 00441nam a2200169 i 4500 | ||
|---|---|---|---|
| 001 | 128358 | ||
| 003 | ES-MaACL | ||
| 005 | 20230906193240.0 | ||
| 007 | t| | ||
| 008 | 070702s1927 it ||||1| ita d | ||
| 080 | _a821.131.1-31"18" | ||
| 100 | 1 |
_aSvevo, Italo. _9108904 |
|
| 245 | 1 | 0 |
_aSenilitá _b: romanzo / _cItalo Svevo. |
| 260 |
_aMilano : _bGiuseppe Morreale, _c1927. |
||
| 300 |
_a289 p. ; _c19 cm. |
||
| 852 |
_aES-MaACL _jA-2447 |
||
| 999 |
_c128358 _d128358 |
||